[Event "San Francisco TNM Winter op"]
[Site "San Francisco"]
[Date "2006.01.24"]
[Round "3"]
[White "D'Aloisio, Tony"]
[Black "Nochomovitz, Yigal"]
[Result "1-0"]
[WhiteElo "2222"]
[BlackElo "1840"]
[PlyCount "61"]
[EventDate "2006.01.10"]
[EventType "swiss"]
[EventRounds "7"]
[EventCountry "USA"]
[SourceTitle "EXT 2007"]
[Source "ChessBase"]
[SourceDate "2006.11.23"]
[SourceVersion "1"]
[SourceVersionDate "2006.11.23"]
[SourceQuality "1"]

1. c4 f5 2. Nc3 Nf6 3. g3 e6 4. Bg2 Be7 5. d4 0-0 6. Nf3 d6 7. 0-0 Nc6 8. d5 Ne5 9. Nd4 Nxc4 10. Nxe6 Bxe6 11. dxe6 c6 12. e4 fxe4 13. Nxe4 d5 14. Ng5 Nd6 15. Bh3 h6 16. Nf3 Nfe4 17. Ne5 Bf6 18. Ng6 Re8 19. f3 Qb6+ 20. Kg2 Ng5 21. Bxg5 hxg5 22. f4 Qxb2+ 23. Rf2 Qd4 24. Qh5 Qe4+ 25. Kg1 Rxe6 26. Bxe6+ Qxe6 27. fxg5 Ne4 28. Re1 Qd6 29. gxf6 Nxf2 30. Qh8+ Kf7 31. Qxg7# 1-0

[Event "San Francisco Stamer Memorial"]
[Site "San Francisco"]
[Date "2005.06.05"]
[Round "5"]
[White "D'Aloisio, Tony"]
[Black "Vayntrub, Dmitry"]
[Result "0-1"]
[WhiteElo "2219"]
[BlackElo "2061"]
[PlyCount "47"]
[EventDate "2005.06.04"]
[EventType "swiss"]
[EventRounds "6"]
[EventCountry "USA"]
[SourceTitle "EXT 2007"]
[Source "ChessBase"]
[SourceDate "2006.11.23"]
[SourceVersion "1"]
[SourceVersionDate "2006.11.23"]
[SourceQuality "1"]

1. c4 Nf6 2. g3 g6 3. Bg2 Bg7 4. Nc3 0-0 5. d4 d6 6. Nf3 Bg4 7. Qb3 Nc6 8. Be3 Bxf3 9. Bxf3 e5 10. Qxb7 Nxd4 11. Qxa8 Qd7 12. Qb7 Nc2+ 13. Kd2 Nxa1 14. Rxa1 Qe6 15. Bd5 Nxd5 16. Qxd5 Qd7 17. Rd1 c6 18. Qd3 Rb8 19. Kc2 Qb7 20. Bc1 e4 21. Qxd6 Qb6 22. b3 Re8 23. Be3 Qa5 24. Na4 0-1